[Event "Reykjavik Open 2013"]
[Site "Reykjavik ISL"]
[Date "2013.02.23"]
[Round "6.61"]
[White "Klug, Christian"]
[Black "Ingvason, Johann"]
[Result "1/2-1/2"]
[WhiteElo "1894"]
[BlackElo "2148"]
[WhiteFideId "24621722"]
[BlackFideId "2301431"]
[EventDate "2013.02.19"]

1. e4 e6 2. d4 d5 3. Nd2 c5 4. Ngf3 Nc6 5. exd5 exd5 6. Bb5 Bd6 7. O-O Ne7 8.
dxc5 Bxc5 9. Nb3 Bb6 10. c4 a6 11. cxd5 axb5 12. dxc6 bxc6 13. Qxd8+ Bxd8 14. a3
O-O 15. Re1 Nd5 16. Bg5 Bb6 17. Rac1 f6 18. Bd2 Bd7 19. Nfd4 Rfe8 20. Nxc6 Rxe1+
21. Bxe1 Nf4 22. Rc2 Re8 23. Kf1 Nd3 24. Bb4 Be6 25. Nba5 Bf5 26. Re2 Rxe2 27.
Kxe2 Nf4+ 28. Kf3 Nd5 29. Nb3 Bd3 30. Bc5 Bc7 31. Ne7+ Nxe7 32. Bxe7 Be5 33. Ke3
Bf1 34. g3 Bxb2 35. Bb4 Kf7 36. Nd2 Bh3 37. Ne4 Ke6 38. a4 bxa4 39. Nc5+ Kd5 40.
Nxa4 Bd4+ 41. Kd2 Bxf2 42. Nc3+ Kc4 43. Bf8 g6 44. Ne4 Bd4 45. Be7 Kd5 46. Nc3+
Ke6 47. Bd8 g5 48. Ne2 Bc5 49. Nc3 Bf1 50. Bxf6 h6 51. Bg7 h5 52. Ne4 Bb4+ 53.
Bc3 Be7 54. Ke1 Bg2 55. Nf2 Bd6 56. Bd2 Kf5 57. Bc3 h4 58. gxh4 gxh4 59. h3 Kf4
60. Bf6 Kg3 61. Bxh4+ Kxh4 62. Ke2 Kg3 63. Nd3 Bxh3 64. Ke3 Bg2 65. Kd4 Bb7 66.
Ne5 Bc6 1/2-1/2

[Event "Reykjavik Open 2013"]
[Site "Reykjavik ISL"]
[Date "2013.02.23"]
[Round "6.70"]
[White "Mihajlov, Svetoslav"]
[Black "Masson, Kjartan"]
[Result "1-0"]
[WhiteElo "2071"]
[BlackElo "1856"]
[WhiteFideId "1507168"]
[BlackFideId "2303809"]
[EventDate "2013.02.19"]

1. d4 Nf6 2. c4 e6 3. Nc3 d5 4. Bg5 Be7 5. Qc2 h6 6. Bh4 c6 7. cxd5 exd5 8. e3
Be6 9. Bd3 Nbd7 10. h3 g5 11. Bg3 Nh5 12. Bh2 Qa5 13. Ne2 Qd8 14. g4 Ng7 15.
O-O-O Nb6 16. Be5 Bf6 17. f4 Bxe5 18. dxe5 gxf4 19. exf4 d4 20. Ne4 Nd5 21. Qc5
Qe7 22. Qxe7+ Kxe7 23. f5 Bxf5 24. gxf5 Nxf5 25. Nf6 Nde3 26. Bxf5 Nxf5 27. Nxd4
Ne3 28. Rde1 Ng2 29. Re4 c5 30. Ne2 Ke6 1-0

[Event "Reykjavik Open 2013"]
[Site "Reykjavik ISL"]
[Date "2013.02.23"]
[Round "6.76"]
[White "Thorgeirsson, Jon Kristinn"]
[Black "Haraldsson, Leif"]
[Result "1-0"]
[WhiteElo "1766"]
[BlackElo "2028"]
[WhiteFideId "2307731"]
[BlackFideId "1710648"]
[EventDate "2013.02.19"]

1. e4 e5 2. Nf3 Qe7 3. Nc3 c6 4. Bc4 d6 5. d4 h6 6. dxe5 dxe5 7. Be3 Nf6 8. Qd2
Nbd7 9. a3 a5 10. O-O Nh5 11. Rad1 g5 12. Bxg5 hxg5 13. Nxg5 Bh6 14. Bxf7+ Kf8
15. Bxh5 Bxg5 16. Qe2 Nf6 17. Bg6 Ng4 18. h3 Nh6 19. Qf3+ Kg7 20. Bh5 Be6 21.
Qg3 Qf6 22. Rd6 Kh7 23. Rxe6 Qxe6 24. Qxg5 Rhg8 25. Qh4 Raf8 26. Bg4 Qg6 27. Rd1
Rg7 28. Rd8 Qf6 29. Bf5+ Rg6 30. Qxf6 Rxf6 31. Rd7+ Rf7 32. Rxf7+ Nxf7 33. Kf1
Kg7 34. Bxg6 1-0

[Event "Reykjavik Open 2013"]
[Site "Reykjavik ISL"]
[Date "2013.02.23"]
[Round "6.93"]
[White "Johannsdottir, Johanna Bjorg"]
[Black "Stefansson, Vignir Vatnar"]
[Result "1-0"]
[WhiteElo "1872"]
[BlackElo "1652"]
[WhiteFideId "2303108"]
[BlackFideId "2308649"]
[EventDate "2013.02.19"]

1. e4 c5 2. Nf3 e6 3. d3 d5 4. Nbd2 Nc6 5. g3 Nf6 6. Bg2 Be7 7. O-O O-O 8. Re1
Re8 9. e5 Nd7 10. c3 b6 11. Nf1 Bb7 12. d4 Rc8 13. a3 cxd4 14. cxd4 Na5 15. h4
Ba6 16. Ne3 b5 17. Bf1 Qb6 18. b4 Nc4 19. Ng4 Qc6 20. Bd3 Ndb6 21. Qe2 Na4 22.
Ng5 Bxg5 23. Bxg5 Qb6 24. Nf6+ gxf6 25. exf6 Red8 26. Qh5 Kf8 27. Qxh7 Ke8 28.
Qg8+ Kd7 29. Qxf7+ Kc6 30. Rxe6+ Rd6 31. Rxd6+ Nxd6 32. Rc1+ Nc4 33. Qe6+ Kb7
34. Qxd5+ Qc6 35. Qxc6+ Kxc6 36. f7 Nb6 37. Be7 Nd7 38. Bf5 1-0

[Event "Reykjavik Open 2013"]
[Site "Reykjavik ISL"]
[Date "2013.02.23"]
[Round "6.97"]
[White "Thorhallsson, Simon"]
[Black "Ragnarsson, Heimir Pall"]
[Result "1/2-1/2"]
[WhiteElo "1451"]
[BlackElo "1354"]
[WhiteFideId "2310090"]
[BlackFideId "2308860"]
[EventDate "2013.02.19"]

1. d4 Nf6 2. c4 e6 3. Nc3 Bb4 4. e3 O-O 5. Ne2 b6 6. a3 Bxc3+ 7. Nxc3 d6 8. Qf3
c6 9. g4 Bb7 10. Bd3 g6 11. e4 Nbd7 12. Bh6 Re8 13. h4 c5 14. d5 exd5 15. cxd5
Nxd5 16. Nxd5 Bxd5 17. O-O-O Ne5 18. Qg3 Bc6 19. Qf4 Nxd3+ 20. Rxd3 Rxe4 21. Qg3
Qe7 22. Rhd1 Rd8 23. Rxd6 Rxd6 24. Qxd6 Qxd6 25. Rxd6 Rc4+ 26. Kb1 Be4+ 27. Ka2
Rd4 28. Rxd4 cxd4 29. Bf4 f5 30. g5 Kf7 31. Kb3 d3 32. Kc3 Ke6 33. Kd4 Bc6 1/2-1/2

[Event "Reykjavik Open 2013"]
[Site "Reykjavik ISL"]
[Date "2013.02.24"]
[Round "7.13"]
[White "Kuzubov, Yuriy"]
[Black "Gretarsson, Hjorvar Steinn"]
[Result "1/2-1/2"]
[WhiteTitle "GM"]
[BlackTitle "IM"]
[WhiteElo "2622"]
[BlackElo "2509"]
[WhiteFideId "14112906"]
[BlackFideId "2302241"]
[EventDate "2013.02.19"]

1. d4 Nf6 2. c4 e6 3. Nf3 d5 4. Nc3 Be7 5. Bg5 h6 6. Bh4 O-O 7. e3 b6 8. cxd5
exd5 9. Be2 Bb7 10. O-O Nbd7 11. Qa4 a6 12. Rfd1 Ne4 13. Bxe7 Qxe7 14. Rac1 Rfc8
15. Qb3 Nxc3 16. Rxc3 Rab8 17. Rdc1 c5 18. Qa3 Re8 19. b3 Rbc8 20. h3 Qd6 21.
Bd3 g6 22. R3c2 Qf6 23. Bf1 Kg7 24. Qb2 Re6 25. a3 Rec6 26. Be2 Re8 27. a4 Rcc8
28. Nh2 h5 29. Nf3 Kg8 30. Qa3 a5 31. Qb2 Red8 32. Bb5 Bc6 33. Ba6 Rb8 34. Qc3
Ra8 35. Be2 Rab8 36. Qd2 Ra8 37. Ne1 Bb7 38. Bb5 cxd4 39. exd4 Nf8 40. Rc7 Rab8
41. Nf3 Ne6 42. Ne5 Nxc7 43. Rxc7 Rf8 44. Qh6 Bc8 45. Nc6 Rb7 46. Ne7+ Qxe7 47.
Rxe7 Rxe7 48. Bd3 Re6 49. Qc1 Rfe8 50. Kh2 Bd7 51. Qc7 R8e7 52. Qd8+ Kg7 53. Ba6
Bc6 54. Bc8 Re8 55. Qc7 Rf6 56. Ba6 Ree6 57. Bc8 Re4 58. f3 Re2 59. h4 Be8 60.
Ba6 Ree6 61. Qd8 Bc6 62. Bc8 Re8 63. Qc7 Re2 64. Kg3 Re3 65. Qxb6 Bxa4 66. Qxa5
Bxb3 67. Qc7 Bc4 68. Kf2 Re4 69. Kg3 Rxd4 70. Qe5 Rf4 71. Qxf4 Rxf4 72. Kxf4 Kf6
73. Ke3 Bf1 74. g3 Ke5 75. f4+ Kd6 76. g4 hxg4 77. Bxg4 Ke7 78. Kd4 Bg2 79. Ke5
f6+ 80. Kd4 Kd6 1/2-1/2

[Event "Reykjavik Open 2013"]
[Site "Reykjavik ISL"]
[Date "2013.02.24"]
[Round "7.22"]
[White "Kashlinskaya, Alina"]
[Black "Stefansson, Hannes"]
[Result "0-1"]
[WhiteTitle "WGM"]
[BlackTitle "GM"]
[WhiteElo "2350"]
[BlackElo "2496"]
[WhiteFideId "4198026"]
[BlackFideId "2300087"]
[EventDate "2013.02.19"]

1. d4 Nf6 2. c4 e6 3. Nc3 Bb4 4. e3 c5 5. Ne2 b6 6. a3 Ba5 7. Rb1 Na6 8. g3 Bb7
9. d5 b5 10. Bg2 Nc7 11. b4 Bb6 12. bxc5 Bxc5 13. Nxb5 Nxb5 14. Rxb5 Bb6 15. O-O
exd5 16. Rb1 Rc8 17. cxd5 O-O 18. Nf4 Re8 19. Qe2 Rc3 20. Bb2 Rc5 21. Nh5 Nxh5
22. Qxh5 d6 23. Qg4 f6 24. Bd4 Ra5 25. Bxb6 axb6 26. Qb4 Ba6 27. Rfc1 Rc5 28.
Rxc5 bxc5 29. Qa4 Bd3 30. Rb6 Re7 31. Qb3 Kf7 32. Rc6 Be2 33. Bh3 g6 34. Be6+
Kg7 35. Rb6 Qa8 36. Qc3 Qa4 37. Qd2 Bf3 38. e4 Qxa3 39. Qe1 Ra7 40. Bh3 c4 41.
Bf1 g5 42. Rc6 Qa1 43. Rc7+ Kg6 44. Qxa1 Rxa1 45. Rxc4 Be2 46. Rc6 Bxf1 0-1

[Event "Reykjavik Open 2013"]
[Site "Reykjavik ISL"]
[Date "2013.02.24"]
[Round "7.27"]
[White "Guramishvili, Sopiko"]
[Black "Bjerke, Richard"]
[Result "1-0"]
[WhiteTitle "IM"]
[BlackTitle "FM"]
[WhiteElo "2414"]
[BlackElo "2131"]
[WhiteFideId "13602888"]
[BlackFideId "1500252"]
[EventDate "2013.02.19"]

1. d4 Nf6 2. c4 e6 3. Nc3 Bb4 4. e3 O-O 5. Ne2 d5 6. a3 Be7 7. cxd5 exd5 8. b4
c6 9. Bd2 Re8 10. Ng3 a5 11. b5 c5 12. Be2 cxd4 13. exd4 Ne4 14. O-O Bf6 15.
Ngxe4 dxe4 16. Be3 Bf5 17. Rc1 Qd6 18. Bg4 Bg6 19. Qb3 h5 20. Bh3 Rd8 21. Ne2
Nd7 22. Bf4 Qe7 23. Bc7 Bg5 24. Bxd8 Qxd8 25. Rcd1 a4 26. Qb4 Be7 27. Qb2 Nb6
28. d5 Nc4 29. Qd4 Nd6 30. Qb2 Ra5 31. Nd4 Bf6 32. Qb4 Bxd4 33. Rxd4 Nxb5 34.
Rc4 Nd6 35. Rc5 Ra8 36. Rfc1 f5 37. g3 Bf7 38. Qd4 g5 39. Qe5 g4 40. Bf1 Qf8 41.
Qf4 Qd8 42. Qh6 Qf8 43. Qg5+ Qg7 44. Qe7 Qf8 45. Rc7 Rd8 46. Qg5+ Kh8 47. Re7
Qg7 48. Qf4 Qd4 49. Rcc7 1-0

[Event "Reykjavik Open 2013"]
[Site "Reykjavik ISL"]
[Date "2013.02.24"]
[Round "7.29"]
[White "Malmdin, Nils-Ake"]
[Black "Smith, Axel"]
[Result "0-1"]
[WhiteTitle "FM"]
[BlackTitle "IM"]
[WhiteElo "2281"]
[BlackElo "2485"]
[WhiteFideId "1701584"]
[BlackFideId "1707930"]
[EventDate "2013.02.19"]

1. e4 e5 2. Nf3 Nc6 3. Bb5 a6 4. Ba4 Nf6 5. O-O Be7 6. d3 b5 7. Bb3 d6 8. c3 O-O
9. a4 Bd7 10. Nbd2 Na5 11. Bc2 c5 12. Re1 Nc6 13. Nf1 h6 14. Ng3 Re8 15. h3 Bf8
16. Nh2 b4 17. Bd2 g6 18. Qf3 Rb8 19. Ngf1 Be6 20. g4 d5 21. g5 hxg5 22. Bxg5
Be7 23. Ng3 bxc3 24. bxc3 d4 25. c4 Nh7 26. Bc1 Nb4 27. Re2 Bg5 28. Ng4 Bxc1 29.
Rxc1 Ng5 30. Qg2 Nxh3+ 31. Qxh3 Qg5 32. Nh6+ Kg7 33. Nf5+ Bxf5 34. exf5 Qxc1+
35. Kg2 Rh8 36. Qg4 Qf4 37. Qf3 0-1

[Event "Reykjavik Open 2013"]
[Site "Reykjavik ISL"]
[Date "2013.02.25"]
[Round "8.20"]
[White "Bekker-Jensen, Simon"]
[Black "Oleksienko, Mikhailo"]
[Result "1/2-1/2"]
[WhiteTitle "IM"]
[BlackTitle "GM"]
[WhiteElo "2405"]
[BlackElo "2568"]
[WhiteFideId "1403613"]
[BlackFideId "4152417"]
[EventDate "2013.02.19"]

1. d4 Nf6 2. c4 e6 3. Nc3 Bb4 4. e3 O-O 5. Ne2 Re8 6. a3 Bf8 7. d5 a5 8. g3 Na6
9. Bg2 Nc5 10. b3 exd5 11. cxd5 b6 12. O-O Ba6 13. Ra2 Nfe4 14. Nxe4 Nxe4 15.
Bb2 a4 16. bxa4 Bc4 17. Ra1 Nc5 18. Qc2 Rxa4 19. Bc3 b5 20. Bb4 Qf6 21. Nc3 Bd3
22. Qb2 Bxf1 23. Nxa4 Qxb2 24. Nxb2 Bxg2 25. Kxg2 Re5 26. Rd1 Na6 27. Rd4 Re8
28. Nd3 g6 29. Bxf8 Kxf8 30. a4 c5 31. dxc6 dxc6 32. Rd7 Re7 33. Rd8+ Re8 34.
Rd7 Re7 35. Rd8+ Kg7 36. Ra8 Nc7 37. Ra7 bxa4 1/2-1/2

[Event "Reykjavik Open 2013"]
[Site "Reykjavik ISL"]
[Date "2013.02.25"]
[Round "8.33"]
[White "Bird, Andrew"]
[Black "Kristjansson, Stefan"]
[Result "0-1"]
[BlackTitle "GM"]
[WhiteElo "2223"]
[BlackElo "2486"]
[WhiteFideId "3204502"]
[BlackFideId "2301172"]
[EventDate "2013.02.19"]

1. Nf3 Nf6 2. c4 e6 3. g3 b6 4. Bg2 Bb7 5. d4 Bb4+ 6. Bd2 c5 7. Bxb4 cxb4 8. a3
Qe7 9. O-O O-O 10. Qd2 Na6 11. Ne5 Bxg2 12. Kxg2 Rfc8 13. Rc1 d6 14. Nd3 bxa3
15. Nxa3 d5 16. b3 dxc4 17. Nxc4 Rd8 18. e3 Qb7+ 19. f3 Nc7 20. Nce5 Nb5 21. Nb4
a5 22. Nbc6 Rdc8 23. b4 a4 24. Qd3 Nd6 25. b5 g5 26. e4 Kg7 27. g4 Nfe8 28. Rab1
a3 29. Rb3 a2 30. Ra1 f6 31. Nc4 Nxb5 32. d5 Nec7 33. Ne7 Rd8 34. d6 Ne8 35. e5
fxe5 36. Qe3 Nbxd6 37. Qxg5+ Kf8 38. Qg8+ Kxe7 39. Qxh7+ Nf7 40. Nxe5 Rd2+ 41.
Kg1 Nd6 42. g5 Qd5 43. Nxf7 Qd4+ 0-1

[Event "Reykjavik Open 2013"]
[Site "Reykjavik ISL"]
[Date "2013.02.26"]
[Round "9.5"]
[White "Navara, David"]
[Black "Amin, Bassem"]
[Result "0-1"]
[WhiteTitle "GM"]
[BlackTitle "GM"]
[WhiteElo "2710"]
[BlackElo "2631"]
[WhiteFideId "309095"]
[BlackFideId "10601457"]
[EventDate "2013.02.19"]

1. d4 Nf6 2. c4 e6 3. Nf3 Bb4+ 4. Bd2 c5 5. Bxb4 cxb4 6. g3 O-O 7. Bg2 d6 8. O-O
Nc6 9. a3 Re8 10. axb4 Nxb4 11. e4 Nc6 12. e5 dxe5 13. dxe5 Nd7 14. Qe2 Qc7 15.
Re1 a6 16. Nc3 Rb8 17. Rad1 Nc5 18. Rd6 Bd7 19. Qd2 Red8 20. b4 Nxb4 21. Ne4
Nxe4 22. Rxe4 Nc6 23. Rg4 Ne7 24. h4 Nf5 25. Nd4 Nxd6 26. exd6 Qxc4 27. Qg5 g6
28. h5 e5 29. h6 Rdc8 30. Nc6 Qe6 31. Ne7+ Kf8 32. Nxc8 Rxc8 33. Bxb7 f6 34. Qh4
Rc1+ 35. Kg2 g5 36. Rxg5 fxg5 37. Qxg5 Qh3+ 38. Kf3 Qh1+ 0-1

[Event "Reykjavik Open 2013"]
[Site "Reykjavik ISL"]
[Date "2013.02.26"]
[Round "9.6"]
[White "Cheparinov, Ivan"]
[Black "Yilmaz, Mustafa"]
[Result "1-0"]
[WhiteTitle "GM"]
[BlackTitle "GM"]
[WhiteElo "2709"]
[BlackElo "2531"]
[WhiteFideId "2905540"]
[BlackFideId "6302718"]
[EventDate "2013.02.19"]

1. d4 d5 2. c4 c6 3. Nf3 Nf6 4. Nc3 dxc4 5. a4 Bf5 6. e3 e6 7. Bxc4 Bb4 8. O-O
O-O 9. Nh4 Nbd7 10. h3 Rc8 11. Nxf5 exf5 12. Qf3 g6 13. g4 fxg4 14. hxg4 Be7 15.
Kg2 Nb6 16. Bb3 Qd7 17. a5 Na8 18. g5 Ne8 19. Ne4 Nac7 20. Rh1 Nd5 21. Bd2 Ng7
22. Rh3 h5 23. gxh6 Ne6 24. Kh1 Kh7 25. Qg2 Rcd8 26. Rg1 Rg8 27. f4 f5 28. Nc3
g5 29. Bc2 Rdf8 30. Qg4 Nec7 31. fxg5 Rxg5 32. Qf3 Kh8 33. Rxg5 Bxg5 34. Qh5 Ne6
35. Nxd5 Qxd5+ 36. Qf3 Qxf3+ 37. Rxf3 f4 38. Bc3 Bf6 39. Bb3 Re8 40. Bxe6 Rxe6
41. Rxf4 1-0

[Event "Reykjavik Open 2013"]
[Site "Reykjavik ISL"]
[Date "2013.02.26"]
[Round "9.7"]
[White "Stefansson, Hannes"]
[Black "Yu, Yangyi"]
[Result "1/2-1/2"]
[WhiteTitle "GM"]
[BlackTitle "GM"]
[WhiteElo "2496"]
[BlackElo "2688"]
[WhiteFideId "2300087"]
[BlackFideId "8603820"]
[EventDate "2013.02.19"]

1. d4 Nf6 2. c4 g6 3. Nf3 Bg7 4. g3 b6 5. Bg2 Bb7 6. O-O O-O 7. Qc2 Be4 8. Qa4
Bb7 9. Rd1 e6 10. Nc3 Ne4 11. Bd2 Nxd2 12. Rxd2 d6 13. Ne1 c6 14. e4 Nd7 15. Qd1
Qe7 16. Nc2 Rfd8 17. Ne3 Rac8 18. a4 a5 19. h4 Ba6 20. Rc1 h5 21. b3 Bh6 22. Bh3
Re8 23. f4 Rcd8 24. Kh2 Bb7 25. Ng2 Bc8 26. Qf3 e5 27. Rcd1 Nf6 28. Bxc8 Rxc8
29. d5 exf4 30. gxf4 Ng4+ 31. Kg1 Bg7 32. Re2 Bxc3 33. Qxc3 b5 34. Qxa5 bxc4 35.
bxc4 Ra8 36. Qb6 cxd5 37. cxd5 Rxa4 38. e5 dxe5 39. fxe5 Nxe5 40. Rde1 Ra1 41.
d6 Qf6 42. Kh1 Rxe1+ 43. Rxe1 Qf5 44. Qb5 Re6 45. Re3 Kf8 46. d7 Nxd7 47. Qxf5
gxf5 48. Rf3 Re5 49. Ne3 Kg7 50. Nxf5+ Kg6 51. Ng3 Nc5 52. Kg2 Ne6 53. Kf2 Ra5
54. Ne4 Ra2+ 55. Kg1 Nd4 56. Rd3 Nf5 57. Rd8 Nxh4 58. Rg8+ Kh7 59. Nf6+ Kh6 60.
Rb8 Kg5 61. Rb6 Nf3+ 62. Kf1 Nh2+ 63. Kg1 Ng4 64. Ne4+ Kf4 65. Rb4 Ra1+ 66. Kg2
Ne3+ 67. Kh2 Ng4+ 68. Kh3 Rh1+ 69. Kg2 Rh2+ 70. Kg1 Rc2 71. Nd6+ Kf3 72. Rb3+
Ne3 73. Nxf7 Re2 74. Nd6 Kg4 75. Rb4+ Kh3 76. Ne4 Rg2+ 77. Kh1 Rc2 78. Kg1 Rc1+
79. Kf2 Ng4+ 80. Kf3 Rf1+ 81. Ke2 Rf8 82. Rb5 h4 83. Ng5+ Kg2 84. Rb4 Re8+ 85.
Kd2 Kg3 86. Ne4+ Kf3 87. Ng5+ Kg3 88. Ne4+ Rxe4 89. Rxe4 h3 90. Re8 h2 91. Rh8
Nf2 92. Rxh2 Kxh2 1/2-1/2

[Event "Reykjavik Open 2013"]
[Site "Reykjavik ISL"]
[Date "2013.02.26"]
[Round "9.9"]
[White "Guramishvili, Sopiko"]
[Black "Sokolov, Ivan"]
[Result "0-1"]
[WhiteTitle "IM"]
[BlackTitle "GM"]
[WhiteElo "2414"]
[BlackElo "2644"]
[WhiteFideId "13602888"]
[BlackFideId "14400030"]
[EventDate "2013.02.19"]

1. d4 Nf6 2. c4 g6 3. Nf3 Bg7 4. g3 b6 5. Bg2 Bb7 6. O-O Na6 7. Nc3 Ne4 8. Nxe4
Bxe4 9. Be3 O-O 10. Qd2 d5 11. Bh6 dxc4 12. Bxg7 Kxg7 13. Qc3 Qd5 14. Rfc1 Rfd8
15. Qa3 Nb8 16. Qxe7 Nc6 17. Qh4 h6 18. b3 cxb3 19. axb3 Rd6 20. g4 Nxd4 21.
Nxd4 Bxg2 22. Ra4 Qe5 23. Qg3 Qxg3 24. hxg3 Be4 25. f3 Rad8 26. e3 c5 27. fxe4
cxd4 28. e5 Rd5 29. exd4 R8d7 30. Kf2 Rxd4 31. Rxd4 Rxd4 32. Rc7 Re4 33. Re7 Kf8
34. Rxa7 Rxg4 35. Ra8+ Ke7 36. Rc8 Rb4 37. Rc3 Ke6 38. Re3 Rb5 39. Kf3 Rxe5 40.
Rc3 Rc5 41. Rd3 h5 0-1

[Event "Reykjavik Open 2013"]
[Site "Reykjavik ISL"]
[Date "2013.02.26"]
[Round "9.10"]
[White "Bu, Xiangzhi"]
[Black "Lou, Yiping"]
[Result "1/2-1/2"]
[WhiteTitle "GM"]
[BlackTitle "IM"]
[WhiteElo "2675"]
[BlackElo "2468"]
[WhiteFideId "8601445"]
[BlackFideId "8603928"]
[EventDate "2013.02.19"]

1. Nf3 f5 2. g3 Nf6 3. Bg2 g6 4. b3 Bg7 5. Bb2 O-O 6. O-O d6 7. d4 c6 8. Nbd2
Qc7 9. Re1 a5 10. c4 a4 11. bxa4 Ne4 12. Nxe4 fxe4 13. Nd2 d5 14. Qb3 e6 15. f3
exf3 16. Nxf3 Nd7 17. cxd5 exd5 18. e4 Nf6 19. e5 Ng4 20. Ba3 Re8 21. Ng5 Nh6
22. Ne4 Nf5 23. Nd6 Nxd6 24. exd6 Bxd4+ 25. Kh1 Qf7 26. Rxe8+ Qxe8 27. Rf1 Bf5
28. Qb4 Qe3 29. Qxb7 Rf8 30. Qxc6 Be4 31. Rxf8+ Kxf8 32. Qc8+ Kg7 33. Qc7+ Kg8
34. Qd8+ Kg7 35. Qe7+ Kg8 36. Qe6+ Kg7 37. Qe7+ Kg8 1/2-1/2

[Event "Reykjavik Open 2013"]
[Site "Reykjavik ISL"]
[Date "2013.02.26"]
[Round "9.11"]
[White "Olafsson, Fridrik"]
[Black "Steindorsson, Sigurdur P."]
[Result "1-0"]
[WhiteTitle "GM"]
[WhiteElo "2416"]
[BlackElo "2235"]
[WhiteFideId "2300052"]
[BlackFideId "2301229"]
[EventDate "2013.02.19"]

1. e4 d5 2. exd5 Qxd5 3. d4 e5 4. dxe5 Qxd1+ 5. Kxd1 Nc6 6. Bf4 Bg4+ 7. Be2
O-O-O+ 8. Nd2 Bxe2+ 9. Nxe2 Bc5 10. Rf1 Nge7 11. c3 Ng6 12. Bg3 Ncxe5 13. Kc2
Rhe8 14. Rad1 f5 15. Nb3 Rxd1 16. Rxd1 Ng4 17. Ned4 Bxd4 18. Rxd4 Re2+ 19. Kb1
Nxf2 20. Nc1 Re1 21. Bxf2 Rf1 22. Rd2 Ne5 23. Bd4 Nc4 24. Rf2 Rh1 25. Rxf5 Rxh2
26. Rf8+ Kd7 27. Rf7+ Kd6 28. Rxg7 c5 29. Bf2 Kc6 30. Rc7+ 1-0

[Event "Reykjavik Open 2013"]
[Site "Reykjavik ISL"]
[Date "2013.02.26"]
[Round "9.13"]
[White "Solak, Dragan"]
[Black "Thorhallsson, Throstur"]
[Result "0-1"]
[WhiteTitle "GM"]
[BlackTitle "GM"]
[WhiteElo "2603"]
[BlackElo "2441"]
[WhiteFideId "916811"]
[BlackFideId "2300109"]
[EventDate "2013.02.19"]

1. e4 c5 2. Nf3 d6 3. d4 cxd4 4. Nxd4 Nf6 5. Nc3 Nc6 6. Bg5 e6 7. Qd2 a6 8.
O-O-O Bd7 9. f4 b5 10. Bxf6 gxf6 11. Kb1 Qb6 12. Nce2 O-O-O 13. g3 Kb8 14. Bg2
Be7 15. Rhf1 Rc8 16. Nxc6+ Rxc6 17. f5 Rc5 18. Nf4 Rhc8 19. Rc1 b4 20. Bh3 Re5
21. Rfe1 Rc4 22. Bg2 Ra5 23. Re3 Bf8 24. Rb3 Ka7 25. a3 Rd4 26. Nd3 d5 27. fxe6
fxe6 28. exd5 e5 29. axb4 Rb5 30. c4 Ra5 31. Qf2 Ra4 32. Rf1 Be7 33. c5 Qb5 34.
d6 Be6 35. Rc3 Rxd3 36. c6+ Rd4 37. dxe7 Ba2+ 38. Kc1 Bf7 39. Ra3 Bg6 40. Qe3
Rxa3 41. Qxa3 Qe2 42. Qc3 Rc4 43. c7 Rxc3+ 44. bxc3 Qc2# 0-1

[Event "Reykjavik Open 2013"]
[Site "Reykjavik ISL"]
[Date "2013.02.26"]
[Round "9.14"]
[White "Schreiner, Peter"]
[Black "Ipatov, Alexander"]
[Result "1/2-1/2"]
[WhiteTitle "IM"]
[BlackTitle "GM"]
[WhiteElo "2439"]
[BlackElo "2569"]
[WhiteFideId "1621645"]
[BlackFideId "14116731"]
[EventDate "2013.02.19"]

1. d4 Nf6 2. c4 g6 3. Nc3 Bg7 4. g3 O-O 5. Bg2 d6 6. Nf3 Nbd7 7. O-O e5 8. e4 c6
9. h3 Qa5 10. Re1 exd4 11. Nxd4 Ne5 12. Bf1 Re8 13. Nb3 Qc7 14. f4 Ned7 15. Bg2
a5 16. Be3 a4 17. Nd4 Nc5 18. Bf2 Bd7 19. Qc2 Re7 20. Rab1 Qa5 21. b4 axb3 22.
axb3 Na6 23. Qd2 Rae8 24. Re2 Qc7 25. b4 Qc8 1/2-1/2

[Event "Reykjavik Open 2013"]
[Site "Reykjavik ISL"]
[Date "2013.02.26"]
[Round "9.15"]
[White "Halkias, Stelios"]
[Black "Bartholomew, John"]
[Result "1/2-1/2"]
[WhiteTitle "GM"]
[BlackTitle "IM"]
[WhiteElo "2566"]
[BlackElo "2435"]
[WhiteFideId "4201809"]
[BlackFideId "2019353"]
[EventDate "2013.02.19"]

1. d4 d5 2. c4 c6 3. Nf3 Nf6 4. Nc3 e6 5. g3 dxc4 6. Bg2 Nbd7 7. O-O Bb4 8. a3
Be7 9. e4 O-O 10. Bf4 Nh5 11. Be3 Nhf6 12. Bf4 Nh5 13. Be3 Nhf6 14. a4 e5 15.
dxe5 Ng4 16. Bf4 Nc5 17. h3 Nh6 18. Be3 Be6 19. Nd4 Nd3 20. Qh5 Qc7 21. f4 Bc5
22. Kh2 Rad8 23. Nce2 Bc8 24. f5 Qxe5 25. Bf4 Nxf4 26. gxf4 Qc7 27. f6 Bxd4 28.
Nxd4 Qd6 29. fxg7 Kxg7 30. Rad1 Qg6 31. Qh4 Qf6 32. Qg3+ Kh8 33. Nf3 Rxd1 34.
Rxd1 Qxb2 35. Qh4 Rg8 36. Rg1 Bxh3 37. Kxh3 Ng4 38. Ng5 Nf2+ 39. Kh2 Rg7 40. e5
Qd2 41. Rd1 Ne4 42. Rg1 Nf2 43. Qg3 c3 44. Rf1 c2 45. Rg1 1/2-1/2

[Event "Reykjavik Open 2013"]
[Site "Reykjavik ISL"]
[Date "2013.02.26"]
[Round "9.17"]
[White "Xiu, Deshun"]
[Black "Cherednichenko, Svetlana"]
[Result "1-0"]
[WhiteTitle "GM"]
[BlackTitle "WGM"]
[WhiteElo "2530"]
[BlackElo "2307"]
[WhiteFideId "8603693"]
[BlackFideId "14105551"]
[EventDate "2013.02.19"]

1. d4 d6 2. c4 f5 3. Nc3 Nf6 4. Nf3 g6 5. g3 Bg7 6. Bg2 O-O 7. O-O e6 8. Qc2 Qe7
9. e4 Nxe4 10. Nxe4 fxe4 11. Qxe4 Nc6 12. Bf4 Qf6 13. Rad1 h6 14. Rfe1 g5 15.
Be3 e5 16. dxe5 dxe5 17. g4 Be6 18. h4 gxh4 19. g5 Qf5 20. Qxf5 Bxf5 21. Nxh4
hxg5 22. Nxf5 Rxf5 23. Rd7 g4 24. Rxc7 Nd4 25. Bd5+ Kh8 26. Kg2 Rh5 27. Rxb7 Rf8
28. Rh1 Rxh1 29. Kxh1 a5 30. Ra7 g3 31. fxg3 Nf5 32. Bf2 Nh6 33. Bc5 Re8 34.
Rxa5 e4 35. Ra8 Rxa8 36. Bxa8 Nf5 37. g4 1-0

[Event "Reykjavik Open 2013"]
[Site "Reykjavik ISL"]
[Date "2013.02.26"]
[Round "9.18"]
[White "Danielsen, Henrik"]
[Black "Norowitz, Yaacov"]
[Result "0-1"]
[WhiteTitle "GM"]
[WhiteElo "2507"]
[BlackElo "2432"]
[WhiteFideId "1400185"]
[BlackFideId "2024799"]
[EventDate "2013.02.19"]

1. Nf3 Nf6 2. c4 e6 3. g3 d5 4. Bg2 Nbd7 5. O-O dxc4 6. Qa4 a6 7. Qxc4 b5 8. Qc2
Bb7 9. d3 c5 10. a4 Be7 11. Ng5 Bxg2 12. Kxg2 O-O 13. Nc3 Nd5 14. h4 Nb4 15. Qd1
c4 16. d4 Nb6 17. e4 h6 18. Nf3 Nd3 19. Qc2 b4 20. Ne2 b3 21. Qd1 f5 22. exf5
Rxf5 23. Ne1 Qd5+ 24. f3 Raf8 25. Nc3 Qxd4 26. Qe2 Re5 27. Ne4 Nd5 28. Bd2 Nxb2
29. Rc1 Ba3 30. Rf2 Bc5 0-1